| 000 | 00607nam a22002297a 4500 | ||
|---|---|---|---|
| 001 | 14361 | ||
| 003 | BD-JhCC | ||
| 005 | 20250714092322.0 | ||
| 008 | 250714b |||||||| |||| 00| 0 eng d | ||
| 020 | _a9780141398181 | ||
| 035 | _a(BD-JhCC) 14361 | ||
| 040 |
_aBD-JhCC _dBD-JhCC |
||
| 041 | _aeng | ||
| 082 |
_223 _bSWI 2015 _a823 |
||
| 100 | _aSwift, Janathan | ||
| 245 |
_aA Modest Proposal / _cJonathan Swift |
||
| 260 |
_aUK: _bPenguin Random House, _c2015 |
||
| 300 |
_a52p.; _c16 cm. _ePaper binding |
||
| 490 |
_aPenguin Little black classic _v08 |
||
| 650 | _aEnglish Fiction | ||
| 942 |
_2ddc _cBK |
||
| 999 |
_c14361 _d14361 |
||